Ligue 1 2025/26 First XI - Statistics

General Stats
  • This quiz has been taken 133 times
  • The average score is 58 of 198
Answer Stats
Club Position Nationality Player % Correct
Paris Saint-Germain RM Lee Kang-in
86%
Paris Saint-Germain FW Gonçalo Ramos
85%
Paris Saint-Germain CM Vitinha
85%
Paris Saint-Germain LW Bradley Barcola
84%
Strasbourg CM Valentín Barco
84%
Paris Saint-Germain GK Lucas Chevalier
83%
Paris Saint-Germain LM Fabián Ruiz Peña
81%
Paris Saint-Germain LB Lucas Hernández
71%
Paris Saint-Germain CB Lucas Beraldo
69%
Marseille GK Gerónimo Rulli
67%
Paris Saint-Germain CB Illia Zabarnyi
67%
Marseille RW Mason Greenwood
67%
Monaco LW Aleksandr Golovin
66%
Marseille LB Geoffrey Kondogbia
62%
Lyon FW Georges Mikautadze
62%
Nantes FW Mostafa Mohamed
60%
Marseille CB Leonardo Balerdi
59%
Monaco AM Takumi Minamino
59%
Lyon LW Malick Fofana
57%
Lens FW Rayan Fofana
57%
Stade Rennais CM Seko Fofana
57%
Paris Saint-Germain RB Warren Zaïre-Emery
57%
Marseille CM Adrien Rabiot
56%
Monaco DM Denis Zakaria
56%
Nantes GK Anthony Lopes
55%
Monaco GK Lukáš Hrádecký
53%
Marseille FW Amine Gouiri
52%
Stade Rennais GK Brice Samba
52%
Monaco DM Lamine Camara
51%
Angers CB Ousmane Camara
51%
Marseille DM Pierre Højbjerg
51%
Marseille DM Angel Gomes
50%
Monaco RW Maghnes Akliouche
50%
Marseille CM Michael Amir Murillo
50%
Lille FW Olivier Giroud
50%
Monaco LB Caio Henrique Oliveira Silva
49%
Monaco CB Eric Dier
49%
Monaco FW Mika Biereth
49%
Lyon CB Clinton Mata
48%
Lille AM Hákon Arnar Haraldsson
48%
Paris Saint-Germain RW Ibrahim Mbaye
48%
Lyon AM Corentin Tolisso
47%
Nice FW Terem Moffi
47%
Lens CM Andy Diouf
45%
Lille DM Benjamin André
45%
Lens CB Malang Sarr
45%
Strasbourg CB Mamadou Sarr
45%
Paris LM Moses Simon
45%
Nice GK Yehvann Diouf
45%
Strasbourg FW Emanuel Emegha
44%
Lyon DM Tyler Morton
44%
Marseille LW Jon Rowe
42%
Lyon CB Moussa Niakhate
42%
Stade Rennais RB Przemysław Frankowski
42%
Strasbourg FW Joaquín Panichelli
41%
Stade Rennais LB Quentin Merlin
41%
Lyon GK Rémy Descamps
41%
Stade Brest FW Ludovic Ajorque
40%
Toulouse GK Guillaume Restes
38%
Auxerre FW Lassine Sinayoko
38%
Stade Rennais FW Musa Al-Taamari
38%
Stade Rennais CM Valentin Rongier
38%
Angers FW Esteban Lepaul
37%
Monaco RB Jordan Teze
37%
Angers GK Hervé Koffi
36%
Paris CM Maxime Lopez
35%
Stade Brest RW Romain Del Castillo
35%
Lyon RW Ainsley Maitland-Niles
34%
Lens WB Deiver Machado
34%
Nantes CM Johann Lepenant
34%
Strasbourg GK Mike Penders
34%
Stade Brest CM Pierre Lees-Melou
34%
Lyon DM Tanner Tessmann
33%
Lille CB Alexsandro Ribeiro
31%
Metz CM Boubacar Traoré
30%
Toulouse FW Frank Magri
30%
Paris RM Ilan Kebbal
30%
Nantes LB Nicolas Cozza
30%
Marseille RB CJ Egan-Riley
29%
Auxerre GK Donovan Léon
29%
Stade Brest LW Mama Samba Baldé
29%
Lens GK Robin Risser
29%
Lyon LB Abner
28%
Toulouse CB Charlie Cresswell
28%
Lille RW Félix Correia
28%
Nice WB Jonathan Clauss
28%
Nice CB Antoine Mendy
27%
Lorient CB Formose Mendy
27%
Nice CB Juma Bah
27%
Nantes CM Louis Leroux
27%
Stade Brest GK Radosław Majecki
27%
Lille LB Romain Perraud
27%
Lens CM Adrien Thomasson
26%
Lille GK Berke Özer
26%
Stade Brest CB Brendan Chardonnet
26%
Nice CM Hicham Boudaoui
26%
Lille DM Ngal'Ayel Mukau
26%
Lens AM Wesley Saïd
26%
Lorient GK Bingourou Kamara
24%
Toulouse CB Djibril Sidibé
24%
Nice WB Melvin Bard
24%
Nantes CB Chidozie Awaziem
23%
Paris FW Jean-Philippe Krasso
23%
Stade Rennais CB Jérémy Jacquet
23%
Stade Brest RB Kenny Lala
23%
Lorient CB Montassar Talbi
23%
Lens CB Samson Baidoo
23%
Nantes CB Tylel Tati
23%
Stade Brest LM Hugo Magnetti
22%
Lorient CM Laurent Abergel
22%
Le Havre GK Mory Diaw
22%
Lens WB Ruben Aguilar
22%
Toulouse LW Yann Gboho
22%
Stade Rennais CB Anthony Rouault
21%
Toulouse RM Aron Dønnum
21%
Stade Rennais CM Fabian Rieder
21%
Stade Brest RM Kamory Doumbia
21%
Lille CB Nathan Ngoy
21%
Paris GK Obed Nkambadio
21%
Nice AM Badredine Bouanani
20%
Stade Brest LB Bradley Locko
20%
Toulouse CB Mark McKenzie
20%
Lens CB Matthieu Udol
20%
Stade Rennais FW Mohamed Meité
20%
Lens AM Morgan Guilavogui
20%
Lille RB Ousmane Toure
20%
Lorient LW Pablo Pagis
20%
Metz CB Sadibou Sané
19%
Monaco CB Christian Mawissa
17%
Stade Brest CB Julien Le Cardinal
17%
Nantes RB Kelvin Amian
17%
Auxerre CM Kévin Danois
17%
Lille RW Marius Broholm
17%
Nantes LM Bahereba Guirassy
16%
Nantes DM Kwon Hyeokkyu
16%
Lyon RB Sael Kumbedi
16%
Metz FW Cheikh Tidiane Sabaly
15%
Strasbourg CM Félix Lemaréchal
15%
Angers CM Haris Belkebla
15%
Lorient FW Mohamed Bamba
15%
Strasbourg CM Samir El Mourabet
15%
Le Havre LM Yassine Kechta
15%
Stade Rennais CB Abdelhamid Ait Boudlal
14%
Auxerre CB Clément Akpa
14%
Le Havre FW Issa Soumaré
14%
Metz GK Jonathan Fischer
14%
Angers CB Jordan Lefort
14%
Auxerre CM Elisha Owusu
13%
Auxerre LB Gideon Mensah
13%
Paris CB Moustapha Mbow
13%
Angers CB Carlens Arcus
12%
Le Havre CB Gautier Lloris
12%
Nice AM Isak Jansson
12%
Le Havre RB Arouna Sangante
10%
Lorient LM Arsène Kouassi
10%
Auxerre CB Francisco Sierralta
10%
Auxerre CB Gabriel Osho
10%
Auxerre LM Ibrahim Osman
10%
Lorient CB Igor Carioca
10%
Metz CB Jean-Philippe Gbamin
10%
Toulouse CM Mario Sauer
10%
Le Havre CM Rassoul Ndiaye
10%
Strasbourg RB Samuel Amo-Ameyaw
10%
Angers AM Sidiki Cherif
10%
Nantes RM Yassine Benhattab
10%
Angers WB Florent Hanin
9%
Strasbourg CB Lucas Høgsberg
9%
Le Havre CB Ayumu Seko
8%
Metz CM Benjamin Stambouli
8%
Toulouse LM Dayann Methalie
8%
Metz CM Jessy Deminguet
8%
Auxerre RM Josué Casimir
8%
Nice CB Kojo Peprah Oppong
8%
Paris LB Nhoa Sangui
8%
Paris RB Samir Chergui
8%
Strasbourg CB Junior Mwanga
7%
Paris FW Pierre-Yves Hamel
7%
Angers CM Yassin Belkhdim
7%
Metz FW Brian Madjo
6%
Strasbourg LB Guimissongui Ouattara
6%
Metz LB Heorhii Tsitaishvili
6%
Lorient RM Joel Mvuka
6%
Metz RB Koffi Kouao
6%
Angers WB Lilian Raolisoa
6%
Auxerre RB Marvin Senaya
6%
Toulouse RW Noah Edjouma
6%
Paris CB Timothée Kolodziejczak
6%
Nice CM Tom Louchet
6%
Paris CM Lohann Doucet
5%
Metz CB Michel Mboula
5%
Le Havre DM Etienne Youte Kinkoue
3%
Toulouse CM Jaydee Canvot
3%
Angers AM Louis Mouton
3%
Le Havre CM Simon Ebonog
3%
Le Havre LB Yanis Zouaoui
3%
Le Havre RM Younes Namli
3%
Lorient CM Arthur Avom Ebong
2%
Lorient RW Tosin Aiyegun
2%
No matching quizzes found
Score Distribution
Percent of People with Each Score
Percentile by Number Answered
Your Score History
You have not taken this quiz